000 00976cam a2200265 a 4500
001 21
003 BR-CuiBMT
005 20231117021054.0
008 230728s2022 mgb 000 0 por d
020 _a9786555184143
040 _aBR-CuiBMT
_cBR-CuiBMT
080 _22007
_a342.9:004.8
_x(81)
090 _a342.9:004.8(81)
_bT266i
100 1 _aTeixeira, Alan José de Oliveira
245 1 0 _aInteligência artificial e fundamentação :
_blimites e possibilidades às decisões administrativas e judiciais no Brasil /
_cAlan José de Oliveira Teixeira ; José Sérgio Cristóvam prefácio.
260 _aBelo Horizonte :
_bFórum,
_c2022.
300 _a178 p. ;
_c22 cm
504 _aInclui bibliografia.
650 _aInteligência artificial
_xAspectos jurídicos
650 _aTecnologia
_xAspectos jurídicos
650 _aDireito administrativo
_xTecnologia
650 _aDireito processual civil
_xTecnologia
650 _aSociedade
_xDireito público
942 _2udc
_cLV
999 _c21
_d21